000 00756nam a2200253 4500
003 OSt
005 20260601171010.0
008 260507b2003\\\\|||ao|||\||||\00|\0\eng\d
020 _a0471213268
040 _aICI
_bspa
_cICI
050 _aHD69.B7
_bW48
100 1 _aWheeler, Alina
_932951
245 1 _aDesigning Brand Identity:
_bA Complete Guide to Creating, Building, and Maintaining Strong Brands
264 _bJohn Wiley & Sons
_c2003
_aNew York
300 _a229 páginas
336 _atexto
_2rdacontent
337 _asin medio
_2rdamedia
338 _avolumen
_2rdacarrier
650 _aImagen corporativa
650 _aMarcas comerciales
_932953
650 _aDiseño gráfico
_918020
650 _2Identidad corporativa
942 _2lcc
_cB
_n1
999 _c20462
_d20462